000 01362nam a2200349Ia 4500
001 ebr10659028
003 CaPaEBR
006 m u
007 cr cn|||||||||
008 100408s2010 nyua sb 001 0 eng d
010 _z 2010012273
020 _z1616686693 (hardcover)
020 _z9781616686697 (hardcover)
020 _z9781617280481 (ebook)
040 _aCaPaEBR
_cCaPaEBR
035 _a(OCoLC)755601567
050 1 4 _aQK658
_b.P645 2010eb
082 0 4 _a571.8/452
_222
245 0 0 _aPollen
_h[electronic resource] :
_bstructure, types, and effects /
_cBenjamin J. Kaiser, editor.
260 _aNew York :
_bNova Science Publishers,
_cc2010.
300 _axiv, 368 p. :
_bill.
490 1 _aEnvironmental science, engineering and technology
504 _aIncludes bibliographical references and index.
533 _aElectronic reproduction.
_bPalo Alto, Calif. :
_cebrary,
_d2013.
_nAvailable via World Wide Web.
_nAccess may be limited to ebrary affiliated libraries.
650 0 _aPollen.
650 0 _aPalynology.
655 7 _aElectronic books.
_2local
700 1 _aKaiser, Benjamin J.
710 2 _aebrary, Inc.
830 0 _aEnvironmental science, engineering and technology series.
856 4 0 _uhttp://site.ebrary.com/lib/rucke/Doc?id=10659028
_zAn electronic book accessible through the World Wide Web; click to view
999 _c166202
_d166202